000 00704nam a2200229 a 4500
008
020 _a0691000581 (cased)
049 _aMAIN
090 _aQD31.2
_bBAL
100 1 _aBall, Philip.
245 1 0 _aDesigning the molecular world :
_bchemistry at the frontier /
_cPhilip Ball.
260 _aPrinceton, N.J. :
_bPrinceton University Press,
_cc1994.
300 _avii, 376 p. :
_bill. (some col.) ;
_c25 cm.
504 _aIncludes bibliographical references.
500 _aIncludes index.
650 0 _aChemistry.
907 _a.b10042350
_b02-05-12
_c17-04-03
003
005 20230123133653.0
040 _cNUST
942 _cBOOKS
_kQD31.2
_mBAL
999 _c152598
_d152598